00518nam a2200205 a 4500001001300000003000900013005001700022008004100039020001000080082001500090100002300105245002700128260004200155300000900197500003500206505002400241650001100265650001300276700002300289nice12345678IN_TiNIC20260116013517.0050524s1998 dela grp 000 0 eng  ac21500a291.4bBAH aBahadur, Krishna P aMira Bai and Her Padas aDelhibMunshiram Manoharlal Pubc1998 a115p aincludes index and biblioraphy2 abibliography, index aBhakti aMira Bai1 aBahadur, Krishna P